[Event "Asian Zonal 3.1 Men"]
[Site "Sharjah UAE"]
[Date "2011.07.10"]
[Round "7"]
[White "Al Sayed,Mohamad"]
[Black "El Jawich,A"]
[Result "1/2-1/2"]
[WhiteElo "2498"]
[BlackElo "2125"]

1.d4 Nf6 2.c4 g6 3.Nc3 Bg7 4.e4 d6 5.Nf3 O-O 6.Be3 e5 7.Be2 Nbd7 8.O-O Re8
9.d5 Nh5 10.g3 Bf8 11.Ne1 Ng7 12.Nd3 f5 13.f3 Be7 14.Qd2 Rf8 15.Rac1 Nf6
16.c5 h5 17.Kh1 fxe4 18.fxe4 Bh3 19.Rf2 Ng4 20.Bxg4 Bxg4 21.Rxf8+ Qxf8 22.Kg1 Qd8
23.c6 bxc6 24.dxc6 Ne6 25.Nd5 Bg5 26.Rf1 Bxe3+ 27.Qxe3 Qg5 28.Qxg5 Nxg5 29.Nxc7 Rc8
30.Nd5 Kg7 31.Rc1 Nxe4 32.Ne7 Rc7 33.Nd5 Rc8 34.N3b4 a5 35.Na6 Nf6 36.Nb6 Rf8
37.c7 Ne4 38.c8=Q Bxc8 39.Nxc8 d5 40.Nc7 Rxc8 41.Ne6+ Kf6 42.Rxc8 Kxe6 43.Ra8 d4
44.Rxa5 Nd6 45.a4 e4 46.Kf2 Nc4 47.Rb5 d3 48.a5 e3+ 49.Ke1 Nd2 50.Rb6+ Ke7
51.Rb7+ Ke6 52.Rb6+ Kf5 53.Rb5+ Kg4 54.Rb4+ Kh3 55.Rf4 Kg2  1/2-1/2

[Event "St Pauli Open"]
[Site "Hamburg GER"]
[Date "2011.07.11"]
[Round "3.22"]
[White "Hartkopf,Uwe"]
[Black "Zimmermann,Ju"]
[Result "0-1"]
[WhiteElo "2064"]
[BlackElo "2331"]

1.Nf3 Nf6 2.c4 d6 3.d4 g6 4.Nc3 Bg7 5.e4 O-O 6.Be2 e5 7.Be3 Ng4 8.Bg5 f6
9.Bh4 Na6 10.d5 Qe8 11.Nd2 Nh6 12.f3 f5 13.Nb5 Nf7 14.Bf2 c5 15.a3 Qe7 16.b4 b6
17.bxc5 dxc5 18.a4 Bd7 19.a5 Bh6 20.Ra3 Qg5 21.h4 Qf6 22.h5 Nb4 23.hxg6 hxg6
24.Bh4 Bg5 25.Bg3 Kg7 26.Nc3 Rh8 27.Rxh8 Rxh8 28.Nf1 Rh1 29.Bf2 Be8 30.Qb1 Nd6
31.axb6 axb6 32.Ra7+ Kh6 33.Ra8 Bf4 34.g3 Bg5 35.Rb8 f4 36.g4 Bh4 37.Bxh4 Qxh4+
38.Kd2 Qf2 39.Nd1 Nxc4+ 40.Kc1 Qxe2 41.Rxe8 Nd3+ 42.Qxd3 Qxd3 43.Rh8+ Kg7
44.Rxh1 Qxf3  0-1

[Event "St Pauli Open"]
[Site "Hamburg GER"]
[Date "2011.07.11"]
[Round "3.44"]
[White "Tscherepanov,L"]
[Black "Groeppel,P"]
[Result "1-0"]
[WhiteElo "1841"]
[BlackElo "2051"]

1.c4 Nf6 2.d4 g6 3.Nc3 Bg7 4.Nf3 O-O 5.e4 d6 6.Be2 e5 7.Be3 Na6 8.h3 exd4
9.Nxd4 Nc5 10.Qc2 Re8 11.f3 Nh5 12.O-O-O f5 13.Nb3 Nxb3+ 14.Qxb3 Ng3 15.c5+ Kh8
16.Rhe1 Nxe2+ 17.Rxe2 Be6 18.Qa3 fxe4 19.Nxe4 d5 20.Bg5 Qc8 21.Nf6 Rf8 22.Nxd5 Bf7
23.Bf6 Rg8 24.Ne7 Qe8 25.Nxg6+ Bxg6 26.Bxg7+ Rxg7 27.Rxe8+ Rxe8 28.Qc3 Kg8
29.Re1 Rd8 30.g4 Rgd7 31.f4 Rd3 32.Qf6 Rf8 33.Qe6+ Bf7 34.Qe4 Rd5 35.b4 a5
36.a3 axb4 37.axb4 Ra8 38.Qb1 b6 39.Rd1 bxc5 40.Rxd5 Bxd5 41.bxc5 c6 42.f5 Rf8
43.Qb2 h6 44.Qe5  1-0

[Event "St Pauli Open"]
[Site "Hamburg GER"]
[Date "2011.07.11"]
[Round "4.22"]
[White "Kambor,Joachim"]
[Black "Colpe,M"]
[Result "0-1"]
[WhiteElo "2077"]
[BlackElo "2247"]

1.d4 Nf6 2.c4 g6 3.Nc3 Bg7 4.e4 d6 5.Nf3 O-O 6.Be2 e5 7.Be3 h6 8.dxe5 Ng4
9.Bc1 Nxe5 10.Nxe5 dxe5 11.Be3 c6 12.O-O Qe7 13.c5 Be6 14.b4 Nd7 15.Qc2 f5
16.f3 f4 17.Bf2 g5 18.Rfd1 Rf6 19.Rd6 Bf8 20.Rad1 Qf7 21.Rxe6 Qxe6 22.Nb5 cxb5
23.Bxb5 Kh8 24.Bxd7 Qe7 25.Rd5 Rd8 26.Ba4 Rxd5 27.exd5 Qg7 28.Qe4 g4 29.Bc2 a5
30.b5 Rf7 31.d6 b6 32.fxg4 bxc5 33.Bxc5 Qxg4 34.h3 Qg5 35.Ba3 f3 36.g4 Qd2
37.Qxe5+ Bg7  0-1

[Event "111th ch-SUI"]
[Site "Leukerbad SUI"]
[Date "2011.07.11"]
[Round "5"]
[White "Schiendorfer,E"]
[Black "Gerber,R"]
[Result "0-1"]
[WhiteElo "2304"]
[BlackElo "2381"]

1.d4 Nf6 2.c4 g6 3.Nc3 Bg7 4.e4 d6 5.Nf3 O-O 6.Be2 e5 7.O-O exd4 8.Nxd4 Re8
9.f3 c6 10.Kh1 Nh5 11.g4 Nf6 12.Bg5 Nbd7 13.Qd2 Qa5 14.Nb3 Qb4 15.Rad1 a5
16.Nc1 a4 17.a3 Qa5 18.Bf4 h5 19.g5 Nh7 20.h4 Be5 21.Nd3 Nhf8 22.Be3 Ne6
23.f4 Bg7 24.Nb4 Nec5 25.e5 dxe5 26.f5 Nb3 27.fxg6 fxg6 28.Qc2 Nf8 29.Ne4 Re7
30.Nf6+ Kh8 31.Bd3 e4 32.Bxe4 Bf5 33.Bxf5 Rxe3 34.Bxg6 Qe5 35.Bxh5 Rh3+ 36.Kg1 Rxh4
37.Rf5 Qe3+ 38.Qf2 Qh3 39.Bf3 Nd4 40.Rxd4 Rxd4 41.Bg2 Rd1+ 42.Bf1 Nh7 43.Rf3 Nxg5
44.Rf4 Bxf6 45.Rh4+ Kg7  0-1

[Event "Nana Aleksandria Cup"]
[Site "Poti GEO"]
[Date "2011.07.11"]
[Round "1"]
[White "Arabidze,M"]
[Black "Otkhozoria,T"]
[Result "1-0"]
[WhiteElo "2311"]
[BlackElo "1686"]

1.d4 Nf6 2.c4 g6 3.Nc3 Bg7 4.e4 d6 5.Nf3 O-O 6.Be2 Nbd7 7.O-O e5 8.Be3 exd4
9.Nxd4 Nc5 10.h3 a5 11.Ndb5 b6 12.Qd2 Nfd7 13.Bg5 Nf6 14.e5 dxe5 15.Qxd8 Rxd8
16.Nd5 Ncd7 17.Ne7+ Kh8 18.Nc6 Rf8 19.Nxc7 Bb7 20.Nxa8 Bxc6 21.Nc7 Rc8 22.Nb5 Bxb5
23.cxb5 Rc2 24.Bd3 Rxb2 25.Rfb1 Rxb1+ 26.Rxb1 Nd5 27.Rc1 Nc5 28.Bc4 Nc7 29.Bd8  1-0

[Event "3rd International Open"]
[Site "Rethymno GRE"]
[Date "2011.07.11"]
[Round "1"]
[White "Sirletti,S"]
[Black "Jankovic,A"]
[Result "0-1"]
[WhiteElo "1939"]
[BlackElo "2586"]

1.d4 Nf6 2.c4 g6 3.Nc3 Bg7 4.e4 d6 5.Nf3 O-O 6.Be2 Nbd7 7.O-O e5 8.d5 Nc5
9.Qc2 a5 10.Bg5 h6 11.Bh4 g5 12.Bg3 Nh5 13.Nd2 Nf4 14.Nb3 b6 15.Nxc5 bxc5
16.Bd3 Rb8 17.Rab1 Nxd3 18.Qxd3 f5 19.f3 f4 20.Be1 Rf6 21.Nb5 Ra8 22.a3 Rg6
23.b4 axb4 24.axb4 g4 25.fxg4 Bxg4 26.bxc5 dxc5 27.h3 Bd7 28.Rb2 Bf8 29.Kh1 h5
30.Rd2 Kh7 31.Qf3 Kh6 32.Rc2 Be7 33.Qc3 Bd6 34.Qf3 Ra1 35.Qe2 Qc8 36.Rc3 Qg8
37.Bh4 Qa8 38.Rcc1 Ra4 39.Nc3 Ra3 40.Rf3 Rg7 41.Kh2 Bg4 42.hxg4 hxg4 43.Rd3 Qh8
44.g3 Be7 45.Rh1 Bxh4 46.Kg1 fxg3 47.Rxg3 Ra1+  0-1

[Event "St Pauli Open"]
[Site "Hamburg GER"]
[Date "2011.07.12"]
[Round "5.23"]
[White "Dinckel,J"]
[Black "Meertens,Mart"]
[Result "0-1"]
[WhiteElo "2045"]
[BlackElo "2158"]

1.d4 Nf6 2.c4 g6 3.Nc3 Bg7 4.e4 d6 5.Be2 O-O 6.Nf3 e5 7.d5 Nbd7 8.Bg5 h6
9.Bh4 a5 10.O-O Nc5 11.Nd2 c6 12.b3 g5 13.Bg3 Bd7 14.f3 Nh5 15.Bf2 Nf4 16.Qc2 Rb8
17.Rfe1 cxd5 18.Nxd5 b6 19.Nf1 Nce6 20.Nxf4 exf4 21.Rad1 Be5 22.Nd2 Qf6 23.Nb1 Rfc8
24.Qd2 h5 25.Rc1 Kh7 26.Nc3 Rg8 27.Nd5 Qd8 28.Red1 g4 29.Qd3 g3 30.Be1 Qh4
31.h3 Bd4+ 32.Kh1 Qxh3+  0-1

[Event "ch-Central Serbia Int Open A"]
[Site "Paracin SRB"]
[Date "2011.07.12"]
[Round "5.1"]
[White "Ulibin,M"]
[Black "Saric,S"]
[Result "1/2-1/2"]
[WhiteElo "2538"]
[BlackElo "2472"]

1.d4 Nf6 2.c4 g6 3.Nc3 Bg7 4.e4 d6 5.Nf3 O-O 6.Be2 Na6 7.O-O e5 8.Be3 Ng4
9.Bg5 Qe8 10.c5 exd4 11.Nd5 Nxc5 12.Nxc7 Qxe4 13.Re1 Rb8 14.Bb5 Qf5 15.Be7 Ne4
16.Bxf8 Ngxf2 17.Qa4 Nh3+ 18.gxh3 Qxf3 19.Rxe4 Qxe4 20.Bxg7 Qe3+ 21.Kh1 Qf3+
22.Kg1 Qe3+ 23.Kh1 Qf3+ 24.Kg1 Qe3+  1/2-1/2

[Event "ch-Central Serbia Int Open B"]
[Site "Paracin SRB"]
[Date "2011.07.12"]
[Round "5.18"]
[White "Franca,Veronika"]
[Black "Zivkovic,Zivojin"]
[Result "0-1"]
[WhiteElo "1802"]
[BlackElo "1984"]

1.d4 Nf6 2.c4 g6 3.Nc3 Bg7 4.e4 d6 5.Nf3 O-O 6.Be2 Nbd7 7.O-O e5 8.d5 Nc5
9.Qc2 a5 10.Bg5 h6 11.Bh4 g5 12.Bg3 Nh5 13.b3 f5 14.Nd2 Nf4 15.Bd1 Qf6 16.a3 Qg6
17.f3 h5 18.Rb1 Ncd3 19.b4 axb4 20.axb4 h4 21.Bxf4 Nxf4 22.exf5 Bxf5 23.Nde4 g4
24.fxg4 Bxg4 25.Bxg4 Qxg4 26.c5 Ra3 27.Kh1 Qg6 28.Rf2 Rfa8 29.Rd2 Bf8 30.cxd6 cxd6
31.Qb2 Bh6 32.Rdd1 Kg7 33.Qf2 Bg5 34.Rb2 Bd8 35.Qc2 Bb6 36.Nb5 Re3 37.Nexd6 e4
38.Nxb7 Qg4 39.N7d6 h3 40.Nf5+ Qxf5 41.gxh3 Qxh3 42.Rg1+ Kh7 43.Qf2 Qf3+
44.Qxf3 Rxf3 45.Rd1 Nd3  0-1

[Event "Nana Aleksandria Cup"]
[Site "Poti GEO"]
[Date "2011.07.12"]
[Round "2"]
[White "Morchiashvili,B"]
[Black "Siradze,S"]
[Result "1-0"]
[WhiteElo "2376"]
[BlackElo "2031"]

1.d4 Nf6 2.c4 g6 3.Nc3 Bg7 4.e4 d6 5.Nf3 O-O 6.Be2 Nbd7 7.O-O e5 8.Re1 exd4
9.Nxd4 Nc5 10.Bf1 Re8 11.f3 a5 12.Be3 Nfd7 13.Qd2 Ne5 14.Rad1 f5 15.Bg5 Bf6
16.Bxf6 Qxf6 17.Nd5 Qg7 18.Qg5 Rf8 19.exf5 Bxf5 20.Nxf5 Rxf5 21.Ne7+ Kh8
22.Nxf5 gxf5 23.Qxg7+ Kxg7 24.f4 Nc6 25.g3 Kf6 26.Bg2 Ra6 27.Re8 Rb6 28.Rd2 a4
29.Rf8+ Kg6 30.Rc8 Na5 31.Rc2 Nd3 32.Rxc7 Nxb2 33.c5 dxc5 34.R7xc5 Nac4 35.R5xc4 Nxc4
36.Rxc4 Rb1+ 37.Bf1 b5 38.Rc6+ Kg7 39.Rc5 b4 40.Rxf5 Rb2 41.Rb5 h5 42.Bc4 b3
43.Rb7+ Kf6 44.axb3 a3 45.Ra7 a2 46.Bf1 Kf5 47.b4 Kg4 48.b5 h4 49.Ra3 hxg3
50.hxg3 Kf5 51.b6 Kg4 52.b7 Rxb7 53.Be2+ Kh3 54.Kf2 Rb3 55.Ra8 a1=Q 56.Rxa1 Kh2
57.Ra8  1-0

[Event "Lev Polugaevsky Mem"]
[Site "Samara RUS"]
[Date "2011.07.12"]
[Round "8"]
[White "Ivakhinova,I"]
[Black "Solomin,M2"]
[Result "1-0"]
[WhiteElo "2302"]
[BlackElo "2001"]

1.d4 Nf6 2.c4 g6 3.Nc3 Bg7 4.e4 d6 5.Nf3 O-O 6.Be2 Qe8 7.O-O e5 8.dxe5 dxe5
9.Be3 Nbd7 10.Nd2 b6 11.b4 Qe7 12.Qb3 c6 13.c5 bxc5 14.bxc5 Rd8 15.Qa3 Nf8
16.Qa4 Qc7 17.Nc4 Ne6 18.Qa5 Qxa5 19.Nxa5 Nd4 20.Rfd1 Be6 21.Bxd4 exd4 22.Nxc6 Rdc8
23.Ne7+ Kf8 24.Nxc8 Rxc8 25.Nb5 Nxe4 26.Nxd4 Nc3 27.Ba6 Rxc5 28.Nxe6+ fxe6
29.Re1 Ra5 30.Bc4 e5 31.Rac1 e4 32.Rc2 Rc5 33.Bb3 Bh6 34.Kf1 a5 35.Bd5 Bg7
36.Bb7 a4 37.Rec1 Rc4 38.Bd5 Rc8 39.Bxe4 a3 40.Bd3 Kf7 41.Rb1 Bd4 42.Rb3 Nxa2
43.Rxa2  1-0

[Event "Pinnacle 48th COCC"]
[Site "Toronto CAN"]
[Date "2011.07.12"]
[Round "4"]
[White "Arencibia Rodriguez,W"]
[Black "Meszaros,Mi"]
[Result "1-0"]
[WhiteElo "2476"]
[BlackElo "2418"]

1.d4 Nf6 2.c4 g6 3.Nc3 Bg7 4.e4 d6 5.Nf3 O-O 6.Be2 e5 7.Be3 Ng4 8.Bg5 f6
9.Bh4 Nc6 10.d5 Ne7 11.O-O Nh6 12.Nd2 c5 13.dxc6 bxc6 14.b4 Be6 15.Nb3 Qd7
16.f3 Rad8 17.Qc1 Nf7 18.Qa3 Qb7 19.Bf2 Rd7 20.Rab1 f5 21.b5 cxb5 22.Na5 Qa8
23.cxb5 Rc8 24.Nc6 Nxc6 25.bxc6 Qxc6 26.Nd5 Qa8 27.Ba6 Rc2 28.Rfc1 Rxc1+
29.Rxc1 Bxd5 30.Rc8+ Bf8 31.Rxa8 Bxa8 32.exf5 gxf5 33.Bc8 Rc7 34.Bxf5 d5
35.Qb2 d4 36.Qb1 Nd6 37.Be6+ Kg7 38.Bh4 Rb7 39.Qe1  1-0

[Event "XX Adolf Anderssen Memorial Final"]
[Site "Wroclaw POL"]
[Date "2011.07.12"]
[Round "3.1"]
[White "Kozakov,M"]
[Black "Czerwonski,A"]
[Result "1/2-1/2"]
[WhiteElo "2471"]
[BlackElo "2377"]

1.d4 d6 2.Nf3 Nf6 3.c4 g6 4.Nc3 Bg7 5.e4 O-O 6.Be2 e5 7.O-O exd4 8.Nxd4 Re8
9.f3 c6 10.Kh1 d5 11.exd5 cxd5 12.Bg5 dxc4 13.Bxc4 Nc6 14.Ndb5 Be6 15.Qxd8 Raxd8
16.Bxe6 Rxe6 17.Ne4 Rc8 18.Bxf6 Bxf6 19.Nxf6+ Rxf6 20.Rad1 Re6 21.Nc3 Rce8
22.Kg1 f5 23.Kf2 Kf7 24.Rd7+ R8e7 25.Rfd1 Ne5 26.Rxe7+ Rxe7 27.h3 Rc7 28.Rd2 Nc4
29.Rc2 Ne5 30.Rd2 Nc4 31.Rc2 Ne5 32.Rd2 Nc4  1/2-1/2

[Event "SPA Open A"]
[Site "Amsterdam NED"]
[Date "2011.07.13"]
[Round "5"]
[White "Wiersma,E"]
[Black "De Roode,M"]
[Result "1-0"]
[WhiteElo "2390"]
[BlackElo "2098"]

1.d4 Nf6 2.c4 g6 3.Nc3 Bg7 4.e4 d6 5.Nf3 O-O 6.Be2 Na6 7.O-O e5 8.Be3 Ng4
9.Bg5 Qe8 10.Re1 exd4 11.Nd5 d3 12.Bxd3 c6 13.Ne7+ Kh8 14.Nxc8 Rxc8 15.Bf1 Bxb2
16.Rb1 Bc3 17.Re2 f6 18.Bh4 Ba5 19.Qxd6 Bc7 20.Qa3 Rb8 21.Reb2 Bb6 22.Bg3 Rd8
23.Bd6 Rxd6 24.Qxd6 Bc5 25.Qf4 Qe6 26.h3 Ne5 27.Rxb7 Bd6 28.Nd4 Qc8 29.Qh4 Bc7
30.Rxa7 Nc5 31.f4 Qd8 32.Rxc7 Qxd4+ 33.Qf2  1-0

[Event "111th ch-SUI"]
[Site "Leukerbad SUI"]
[Date "2011.07.13"]
[Round "7"]
[White "Sermier,G"]
[Black "Colmenares,A"]
[Result "1-0"]
[WhiteElo "2425"]
[BlackElo "2267"]

1.Nf3 Nf6 2.c4 g6 3.Nc3 Bg7 4.e4 d6 5.d4 O-O 6.Be2 e5 7.dxe5 dxe5 8.Qxd8 Rxd8
9.Bg5 c6 10.Nxe5 Re8 11.O-O-O Na6 12.Rd6 Nh5 13.Nf3 Bxc3 14.bxc3 Rxe4 15.Rd8+ Kg7
16.Bd3 Rg4 17.h3 Rxg5 18.Nxg5 Nc5 19.Bc2 Nf6 20.Re1 h6 21.Ne4 Ne6 22.Rd2 b6
23.Nxf6 Kxf6 24.Be4 Ba6 25.Bxc6 Rc8 26.Bd7 Rc7 27.Bxe6 fxe6 28.Red1 Bxc4
29.Rd7 Rc5 30.Rxa7 Bd5 31.g3 Rxc3+ 32.Kb2 Rf3 33.Rd2 Ke5 34.Ra3 Rf7 35.Re3+ Kd6
36.h4 b5 37.a3 Rb7 38.Rd4 h5 39.f4 Kc5 40.Rb4 Ra7 41.Re5 Kc6 42.Rg5 Bc4 43.Rxg6 Rd7
44.Rg5 Rd2+ 45.Kc1 Re2 46.a4 Re1+ 47.Kd2 Re2+ 48.Kd1  1-0

[Event "Myrhorod Open A"]
[Site "Myrhorod UKR"]
[Date "2011.07.13"]
[Round "8.23"]
[White "Burak,Ilona"]
[Black "Petrova,I"]
[Result "0-1"]
[WhiteElo "1787"]
[BlackElo "2125"]

1.d4 Nf6 2.c4 g6 3.Nc3 Bg7 4.Nf3 O-O 5.e4 d6 6.Be2 Nbd7 7.O-O e5 8.Be3 c6
9.h3 Qc7 10.Qc2 b6 11.Rac1 Bb7 12.Rfd1 Rfe8 13.dxe5 dxe5 14.Rd2 Nf8 15.Rcd1 Ne6
16.c5 bxc5 17.Na4 Nd4 18.Qb1 Qa5 19.b3 Nd7 20.Rc1 Bf8 21.Ne1 Rad8 22.Nd3 Ba6
23.Nab2 f5 24.f3 f4 25.Bxd4 Qxd2 26.Rc2 Qa5 27.Bf2 Nf6 28.Nc4 Qc7 29.Nxc5 Bxc5
30.Bxc5 Bxc4 31.Bxc4+ Kg7 32.Qe1 Nd7 33.Bf2 Nf8 34.Bd5 Rd6 35.Qc3 Rf6 36.Bh4 Qb6+
37.Bf2 Qa6 38.Bc4 Qb7 39.Rd2 Nd7 40.Bh4 Rff8 41.Qc2 Nb6 42.Bf1 h6 43.Qd1 g5
44.Bf2 Qc7 45.Bc5 Rf7 46.Bd6 Qc8 47.Qa1 Qe6 48.a4 Rd7 49.a5 Rxd6 50.Rxd6 Qxd6
51.axb6 Qc5+ 52.Kh2 axb6 53.Qd1 b5 54.b4 Qd4 55.Qc1 Re6 56.Qa3 Qf2 57.Qd3 Qd4
58.Qa3 Rd6 59.Qa5 Rd7 60.Qa8 Qd6 61.Qa3 Rc7 62.Qc3 c5 63.Bxb5 cxb4 64.Qb3 Qc5
65.Qd3 b3 66.Ba4 b2 67.Qd1 Qf2  0-1

[Event "Myrhorod Open A"]
[Site "Myrhorod UKR"]
[Date "2011.07.13"]
[Round "8.6"]
[White "Tytynnik,A"]
[Black "Alexikov,A"]
[Result "0-1"]
[WhiteElo "2234"]
[BlackElo "2353"]

1.d4 Nf6 2.Nf3 g6 3.c4 Bg7 4.Nc3 O-O 5.e4 d6 6.Be2 e5 7.Be3 Ng4 8.Bg5 f6
9.Bh4 c6 10.d5 c5 11.O-O h5 12.Ne1 a6 13.Rb1 Nh6 14.f3 Nf7 15.b4 b6 16.Nd3 Bh6
17.Bf2 f5 18.Rb2 Kh8 19.bxc5 bxc5 20.Qa4 Rg8 21.Rfb1 Nd7 22.Kh1 f4 23.Qd1 g5
24.Na4 Ra7 25.Be1 g4 26.fxg4 Nf6 27.gxh5 Nxe4 28.Bf3 Ng3+ 29.Kg1 Nf5 30.Bf2 Ne3
31.Bxe3 fxe3 32.Rb8 Qh4 33.Qe1 Ng5 34.Be2 Nh3+ 35.Kh1 Nf2+ 36.Nxf2 exf2 37.Qc3 Bf4
38.h3 Rag7 39.g4 Bxg4 40.Rxg8+ Rxg8 41.Bxg4 Rxg4 42.Qb3 Kg7 43.Nxc5 Rg3 44.Qb7+ Kh6
45.Qd7 f1=Q+ 46.Rxf1  0-1

[Event "Lev Polugaevsky Mem"]
[Site "Samara RUS"]
[Date "2011.07.13"]
[Round "9"]
[White "Kondenko,A"]
[Black "Melnikov,S"]
[Result "1-0"]
[WhiteElo "2237"]
[BlackElo "2063"]

1.Nf3 Nf6 2.c4 g6 3.Nc3 Bg7 4.e4 d6 5.d4 O-O 6.Be2 e5 7.d5 Nbd7 8.O-O Ne8
9.Bg5 f6 10.Bd2 f5 11.Ng5 Nc5 12.b4 h6 13.bxc5 hxg5 14.cxd6 cxd6 15.Rb1 g4
16.f3 g3 17.hxg3 f4 18.g4 Kf7 19.g3 Qg5 20.Kg2 Nf6 21.Rh1 Nh5 22.Qe1 Bf6
23.Nb5 Be7 24.Nc7 Rb8 25.Ne6 Bxe6 26.dxe6+ Kxe6 27.gxh5 gxh5 28.Rh3 Qg6 29.Qf2 Rg8
30.Rbh1 Rg7 31.Rxh5 Qxg3+ 32.Qxg3 Rxg3+ 33.Kf1 Rbg8 34.Be1 Rg2 35.Bf2 Bd8
36.c5 Kd7 37.Bb5+ Kc8 38.cxd6 a6 39.Bc4 R8g7 40.Be6+  1-0

[Event "Pinnacle 48th COCC"]
[Site "Toronto CAN"]
[Date "2011.07.13"]
[Round "5"]
[White "Sambuev,B"]
[Black "Perelshteyn,E"]
[Result "1-0"]
[WhiteElo "2528"]
[BlackElo "2534"]

1.Nf3 Nf6 2.c4 g6 3.Nc3 Bg7 4.e4 d6 5.d4 O-O 6.Be2 Na6 7.O-O e5 8.Be3 Ng4
9.Bg5 f6 10.Bc1 Nh6 11.Re1 Nf7 12.Be3 c6 13.dxe5 fxe5 14.Qd2 Nc5 15.Ng5 Nxg5
16.Bxg5 Qc7 17.Be3 Ne6 18.Bg4 Nd4 19.Bxc8 Qxc8 20.Ne2 c5 21.Nc3 Qg4 22.Kh1 Rf7
23.f3 Qh5 24.Rf1 Raf8 25.Nd5 h6 26.Bxd4 exd4 27.f4 g5 28.g3 Re8 29.Rae1 Qh3
30.Rf2 Kh8 31.b3 Qg4 32.Qd3 h5 33.Qf1 Bh6 34.Rf3 gxf4 35.gxf4 Ref8 36.Re2 Rg7
37.Rg3 Qh4 38.Rh3 Qg4 39.Rg3 Qh4 40.Rxg7 Bxg7 41.Qf3 Bh6 42.Rf2 Rg8 43.Rf1 Re8
44.Rg1 Rf8 45.Qg3 Qxg3 46.hxg3 h4 47.Kg2 hxg3 48.Rh1 Kg7 49.Kxg3 Rh8 50.Kf3 Kf7
51.b4 cxb4 52.Nxb4 Bg7 53.Rxh8 Bxh8 54.Nd3 Bg7 55.c5 Ke6 56.f5+ Kd7 57.cxd6 Kxd6
58.Kf4 Bh6+ 59.Kg4 Bf8 60.Kg5 Be7+ 61.f6 Bf8 62.Kf5 Kd7 63.e5 b6 64.Ke4 Ke6
65.Nf4+ Kf7 66.Kxd4 Bh6 67.Ke4 b5 68.Nd5 a5 69.Kf5  1-0

[Event "Najdorf Memorial"]
[Site "Warsaw POL"]
[Date "2011.07.13"]
[Round "1.31"]
[White "Solys,L"]
[Black "Choroszej,A"]
[Result "1-0"]
[WhiteElo "2334"]
[BlackElo "2075"]

1.d4 g6 2.c4 Bg7 3.e4 d6 4.Nc3 Nf6 5.Nf3 O-O 6.Be2 e5 7.Be3 Ng4 8.Bg5 f6
9.Bh4 g5 10.Bg3 Nh6 11.dxe5 fxe5 12.h4 g4 13.Nh2 Qd7 14.Nd5 Nc6 15.Ne3 Nd4
16.Nhxg4 Qf7 17.Nxh6+ Bxh6 18.Nc2 Ne6 19.Bg4 Nf4 20.Ne3 Kh8 21.Bxc8 Raxc8
22.O-O Qg6 23.Nf5 Rxf5 24.exf5 Qxf5 25.Bxf4 Bxf4 26.g3 Qh3 27.Qf3 Rg8 28.Qg2 Qe6
29.b3 e4 30.Kh2 e3 31.Qf3 Be5 32.Qxe3 Bxg3+ 33.Qxg3 Rxg3 34.fxg3 Qe2+ 35.Kh3 Qe6+
36.Kg2 Qe4+ 37.Rf3 b5 38.cxb5 d5 39.Rf1 d4 40.Rf2 Qd5 41.Rd2 Qxb5 42.Rxd4 Kg7
43.Rg4+  1-0

[Event "ch-USA Cadet"]
[Site "Crossville USA"]
[Date "2011.07.14"]
[Round "6"]
[White "Brown,Michael William"]
[Black "Wang,Andrew C"]
[Result "1/2-1/2"]
[WhiteElo "2121"]
[BlackElo "2158"]

1.d4 Nf6 2.c4 g6 3.Nc3 Bg7 4.e4 d6 5.Be2 O-O 6.Nf3 e5 7.Be3 Ng4 8.Bg5 f6
9.Bh4 g5 10.Bg3 Nh6 11.d5 f5 12.exf5 Nxf5 13.Ne4 h6 14.Nfd2 Nd7 15.O-O Nf6
16.Nxf6+ Qxf6 17.Ne4 Qe7 18.Bg4 Bd7 19.Rc1 b6 20.Re1 Bh8 21.h3 Qh7 22.Rc3 Be8
23.Bh5 Bd7 24.Rf3 Nxg3 25.Rxg3 Rf4 26.Bg4 Be8 27.Be6+ Kf8 28.Rg4 Bg6 29.g3 Bxe4
30.gxf4 exf4 31.f3 Bd3 32.h4 Bf6 33.hxg5 hxg5 34.Kg2 Bc2 35.Qd2 Qd3 36.Qxd3 Bxd3
37.Rd1 Bg6 38.Kf2 Kg7 39.Rg2 Rh8 40.Kg1 Rh4 41.Bd7 Kh6 42.Re2 Be5 43.Kg2 Kg7
44.b4 Rh8 45.a3 Kf6 46.Rc1 Re8 47.Bg4 Bf7 48.Rh1 Bg6 49.Rd2 Rd8 50.Re1 Rh8
51.Ree2 Bb1 52.Rd1 Bg6 53.Rdd2 Be8 54.Rc2 Ba4 55.Rc1 a6 56.c5 bxc5 57.bxc5 Rb8
58.cxd6 cxd6 59.Rc7 Kg6 60.Be6 Bb5 61.Rd2 Ba4 62.Bf7+ Kh6 63.Kh3 Rd8 64.Kg4 Bd7+
65.Be6 Bxe6+ 66.dxe6 Kg6 67.e7 Re8 68.Rd7 Kf6 69.Ra7 Rh8 70.e8=N+ Rxe8 71.Rh2 Kg6
72.Rxa6 Re6 73.a4 Bf6 74.Rd2 Be7 75.a5 Re1 76.Kh3 Rg1 77.Kh2 Rg3 78.Rf2 Kh5
79.Ra7 Bf6 80.a6 Bd4 81.Rh7+ Kg6 82.a7 Kxh7 83.a8=Q Bxf2 84.Qd5 Bc5 85.Qf7+  1/2-1/2

[Event "118th ch-SCO"]
[Site "Edinburgh SCO"]
[Date "2011.07.14"]
[Round "6"]
[White "Pritchett,C"]
[Black "Arakhamia-Grant,K"]
[Result "1/2-1/2"]
[WhiteElo "2342"]
[BlackElo "2464"]

1.Nf3 Nf6 2.c4 g6 3.Nc3 Bg7 4.e4 d6 5.d4 O-O 6.Be2 Nbd7 7.O-O e5 8.Be3 Ng4
9.Bg5 f6 10.Bc1 Nh6 11.dxe5 dxe5 12.b4 Nf7 13.a4 f5 14.Ba3 Nf6 15.Qc2 fxe4
16.Rad1 Nd6 17.Ng5 Qe7 18.b5 e3 19.fxe3 Bh6 20.h4 Kg7 21.Nd5 Nxd5 22.cxd5 Bxg5
23.hxg5 Qxg5 24.Qxc7+ Rf7 25.Qxd6 Qxe3+ 26.Kh1 Qh6+ 27.Kg1 Qe3+ 28.Kh1 Qh6+
29.Bh5 Qxh5+ 30.Kg1 Rf5 31.Qe7+ Kh6 32.Bc1+ g5 33.d6 Qg4 34.d7 Rxf1+ 35.Rxf1 Qd4+
36.Rf2 Qd1+ 37.Rf1 Qd4+ 38.Kh1 Qh4+ 39.Kg1 Qd4+  1/2-1/2

[Event "Oberwart Open"]
[Site "Oberwart AUT"]
[Date "2011.07.14"]
[Round "6"]
[White "Menezes,Chr"]
[Black "Natter,M"]
[Result "0-1"]
[WhiteElo "2200"]
[BlackElo "2076"]

1.d4 Nf6 2.c4 g6 3.Nc3 Bg7 4.e4 d6 5.Nf3 O-O 6.Be2 Na6 7.O-O e5 8.Be3 Ng4
9.Bg5 Qe8 10.Nd5 f6 11.Bh4 c6 12.Nc3 h5 13.h3 Nh6 14.d5 c5 15.Ne1 Nf7 16.Nd3 Nc7
17.b4 b6 18.Rb1 Qd8 19.Qc2 g5 20.Bg3 h4 21.Bh2 Nh6 22.f3 Rf7 23.Rb2 Bf8 24.Kh1 Ne8
25.bxc5 bxc5 26.Rfb1 Ng7 27.Bd1 Nh5 28.Ne2 f5 29.Nc3 g4 30.hxg4 fxg4 31.Qd2 g3
32.Bg1 h3 33.Ba4 Qh4 34.Bh2 hxg2+ 35.Qxg2 Rg7 36.Ne2 Bh3  0-1

[Event "8th South Wales Int"]
[Site "Penarth WLS"]
[Date "2011.07.14"]
[Round "9.19"]
[White "Puroila,S"]
[Black "Menon,Davin"]
[Result "0-1"]
[WhiteElo "1934"]
[BlackElo "1815"]

1.d4 Nf6 2.c4 g6 3.Nc3 Bg7 4.e4 d6 5.Nf3 O-O 6.Be2 Na6 7.O-O e5 8.d5 Nc5
9.Qc2 a5 10.h3 Nfd7 11.Ne1 f5 12.f4 fxe4 13.Nxe4 Nxe4 14.Qxe4 Nc5 15.Qc2 Bf5
16.Qd1 exf4 17.Rxf4 Be5 18.Rf1 Qf6 19.Bd3 Nxd3 20.Nxd3 Bd4+ 21.Kh1 Qg7 22.Rb1 Rae8
23.b4 Bc3 24.Rf3 Bxd3 25.Qxd3 Re1+ 26.Kh2 Qe5+ 27.Rg3 Rff1 28.Qf5  0-1

[Event "Open ch-SVK A"]
[Site "Banska Stiavnica SVK"]
[Date "2011.07.15"]
[Round "7"]
[White "Plachetka,J"]
[Black "Ponizil,C"]
[Result "1/2-1/2"]
[WhiteElo "2387"]
[BlackElo "2388"]

1.d4 Nf6 2.c4 g6 3.Nc3 Bg7 4.e4 d6 5.Nf3 O-O 6.Be2 e5 7.d5 a5 8.Bg5 Na6 9.Nd2 Nc5
10.O-O h6 11.Bh4 c6 12.b3 Bd7 13.Rb1 g5 14.Bg3 cxd5 15.cxd5 b5 16.Bxb5 Ncxe4
17.Ncxe4 Nxe4 18.Bxd7 Nc3 19.Qg4 Nxb1 20.Rxb1 h5 21.Qf5 Ra7 22.Bc6 h4 23.Ne4 f6
24.Rd1 hxg3 25.hxg3 Rc7 26.Qe6+ Kh8 27.Nxd6 f5 28.Nxf5 Rxc6 29.Qxc6 Rxf5
30.d6 Rf8 31.Rd3 Qc8 32.Qd5 Qc1+ 33.Kh2 g4 34.d7 Bf6 35.Rd1 Qc2 36.Re1 Kg7
37.Rxe5 Rh8+ 38.Rh5 Rxh5+ 39.Qxh5 Qh7 40.Qxh7+ Kxh7 41.Kg1 Kg6 42.Kf1 Kf5
43.Ke2 Ke4 44.f3+ Kd4 45.fxg4 Bg5 46.Kf3 Kd5 47.a3 Kd4 48.b4 a4 49.b5 Kd5
50.b6 Kc6 51.Ke4 Be7 52.Kd4 Kxb6 53.Kc4 Kc7  1/2-1/2

[Event "118th ch-SCO"]
[Site "Edinburgh SCO"]
[Date "2011.07.15"]
[Round "7"]
[White "Pritchett,C"]
[Black "Sreeves,C"]
[Result "1-0"]
[WhiteElo "2342"]
[BlackElo "2169"]

1.Nf3 Nf6 2.c4 g6 3.Nc3 Bg7 4.e4 d6 5.d4 O-O 6.Be2 e5 7.Be3 Na6 8.d5 Ng4
9.Bg5 f6 10.Bh4 Qe8 11.Nd2 f5 12.exf5 gxf5 13.Bxg4 fxg4 14.Nde4 Qh5 15.Bg3 Bf5
16.O-O Rae8 17.Re1 Bh6 18.Qb3 Bc8 19.Rad1 Bf4 20.c5 Nxc5 21.Nxc5 Bxg3 22.hxg3 dxc5
23.d6+ Be6 24.Qxb7 cxd6 25.Ne4 d5 26.Nd6 Bf7 27.Nxe8 Rxe8 28.Qxa7 c4 29.Qd7 d4
30.Re4 Be6 31.Qd6 Bf7 32.Rde1 d3 33.Rxe5 Rxe5 34.Rxe5 Qh6 35.Qxh6  1-0

[Event "III Corporation Cup A"]
[Site "Izhevsk RUS"]
[Date "2011.07.15"]
[Round "1"]
[White "Bronnikov,K1"]
[Black "Kokarev,Dm"]
[Result "0-1"]
[WhiteElo "2265"]
[BlackElo "2596"]

1.d4 Nf6 2.c4 g6 3.Nc3 Bg7 4.e4 O-O 5.Nf3 d6 6.Be2 Na6 7.O-O e5 8.Re1 c6
9.Bf1 Bg4 10.dxe5 Bxf3 11.Qxf3 dxe5 12.Be3 Qe7 13.Na4 h5 14.Bg5 Nc7 15.Qc3 Rfe8
16.h4 Qf8 17.Rad1 Ne6 18.Bc1 Nd4 19.b4 b6 20.a3 Bh6 21.Bxh6 Qxh6 22.g3 g5
23.hxg5 Qxg5 24.f4 Qg4 25.Bg2 Qxd1 26.Rxd1 Ne2+ 27.Kf1 Nxc3 28.Nxc3 Rad8
29.fxe5 Ng4 30.Ke2 Nxe5 31.Rh1 Nxc4 32.Nb1 Re5 33.Kf3 Re6 34.Bh3 Rf6+ 35.Bf5 Nd6
36.Kf4  0-1

[Event "Oberwart Open"]
[Site "Oberwart AUT"]
[Date "2011.07.15"]
[Round "7"]
[White "Palac,M"]
[Black "Freitag,Ma"]
[Result "1-0"]
[WhiteElo "2592"]
[BlackElo "2384"]

1.d4 Nf6 2.c4 g6 3.Nc3 Bg7 4.e4 d6 5.Be2 O-O 6.Nf3 e5 7.Be3 Na6 8.O-O Ng4
9.Bg5 Qe8 10.h3 exd4 11.Nxd4 h6 12.Bc1 Nf6 13.Bd3 Nc5 14.Re1 Nxd3 15.Qxd3 Nd7
16.Be3 Qd8 17.Rad1 Re8 18.Qd2 Kh7 19.f4 Nb6 20.b3 Bd7 21.Qc2 Qe7 22.Bf2 c6
23.Nf3 Qf6 24.Ne2 c5 25.Bh4 Qb2 26.Qxb2 Bxb2 27.Ng3 Nc8 28.e5 Bc6 29.Ne4 Bxe4
30.Rxe4 dxe5 31.fxe5 g5 32.Bf2 b6 33.h4 gxh4 34.Bxh4 Ne7 35.Rd7 Ng6 36.Bf6 Rf8
37.Kf2 Kg8 38.Rd1 Rfe8 39.Rh1 Re6 40.Rxh6 Rae8 41.Rg4 Rxf6 42.exf6 Bxf6 43.Rh5 Kf8
44.Rd5 Re7 45.Nd2 Bd4+ 46.Kf1 Re3 47.Rd8+ Kg7 48.Re4 Rc3 49.Nf3 Bf6 50.Rd7 a5
51.Rd6 Rc2 52.Rxb6 Bc3 53.Rb7 Bb4  1-0